The art of intercession : (Record no. 4997)
[ view plain ]
| 000 -LEADER | |
|---|---|
| fixed length control field | 00621nam a2200217Ia 4500 |
| 001 - CONTROL NUMBER | |
| control field | 36488104 |
| 003 - CONTROL NUMBER IDENTIFIER | |
| control field | OCoLC |
| 005 - DATE AND TIME OF LATEST TRANSACTION | |
| control field | 20181219125107.0 |
| 008 - FIXED-LENGTH DATA ELEMENTS--GENERAL INFORMATION | |
| fixed length control field | 970305r19811980oku 000 0 eng d |
| 020 ## - INTERNATIONAL STANDARD BOOK NUMBER | |
| International Standard Book Number | 0892765038 |
| 040 ## - CATALOGING SOURCE | |
| Original cataloging agency | PBE |
| Transcribing agency | PBE |
| Modifying agency | BSC |
| 082 ## - DEWEY DECIMAL CLASSIFICATION NUMBER | |
| Classification number | 248.32 |
| Item number | H145A |
| 092 ## - LOCALLY ASSIGNED DEWEY CALL NUMBER (OCLC) | |
| Classification number | 248.32 |
| Item number | H145a, 1981 |
| 100 1# - MAIN ENTRY--PERSONAL NAME | |
| Personal name | Hagin, Kenneth E., |
| Dates associated with a name | 1917- |
| 245 14 - TITLE STATEMENT | |
| Title | The art of intercession : |
| Remainder of title | handbook on how to intercede / |
| Statement of responsibility, etc. | by Kenneth E. Hagin. |
| 250 ## - EDITION STATEMENT | |
| Edition statement | 2nd printing. |
| 260 ## - PUBLICATION, DISTRIBUTION, ETC. | |
| Place of publication, distribution, etc. | Tulsa : |
| Name of publisher, distributor, etc. | Faith Library Publications, |
| Date of publication, distribution, etc. | 1980, 1981 printing. |
| 300 ## - PHYSICAL DESCRIPTION | |
| Extent | 145 p. ; |
| Dimensions | 22 cm. |
| 650 #0 - SUBJECT ADDED ENTRY--TOPICAL TERM | |
| Topical term or geographic name entry element | Prayer. |
| 942 ## - ADDED ENTRY ELEMENTS (KOHA) | |
| Source of classification or shelving scheme | Dewey Decimal Classification |
| Koha item type | Books |
| Withdrawn status | Lost status | Source of classification or shelving scheme | Damaged status | Not for loan | Collection code | Home library | Current library | Shelving location | Date acquired | Cost, normal purchase price | Total Checkouts | Full call number | Barcode | Date last seen | Price effective from | Koha item type |
|---|---|---|---|---|---|---|---|---|---|---|---|---|---|---|---|---|
| Dewey Decimal Classification | Non-fiction | Harvest Mission College | Harvest Mission College | General Stacks | 19.12.2018 | 460.00 | 248.32 H145A | 005722 | 19.12.2018 | 19.12.2018 | Books |
